| 000 | 00535nam a22001577a 4500 | ||
|---|---|---|---|
| 005 | 20241114102350.0 | ||
| 008 | 241114b |||||||| |||| 00| 0 eng d | ||
| 020 | _a9780536394200 | ||
| 050 | _aQA107 BLI | ||
| 100 | _aBlitzer, Robert | ||
| 245 |
_aThinking Mathematically/ _bCentral Texas College Edition; taking from Fourth Edition Thinking Mathematically _cRobert Blitzer |
||
| 260 |
_aUpper Saddle River, New Jersey _bPearson Prentice Hall _c2008 |
||
| 300 | _axvi.870p.various pagings | ||
| 650 | _2Mathematics | ||
| 942 |
_2lcc _cBK _n0 |
||
| 999 |
_c1171 _d1171 |
||